Are You Smarter Than a College Student? XX Quiz Stats

 Plays Quiz Updated Feb 26, 2017

Score 0/30 Timer 07:00
8 Plays Today
% Correct
EasyAlaska
95%
EasySahara
90.6%
EasyAlcatraz
87.4%
Easybanana
85.8%
EasyCanada
83%
EasyAzkaban
81.1%
EasyRamadan
80.9%
EasyPanama Canal
80.2%
EasyAtlanta
79.8%
Easyalmanac
75.7%
MediumCasablanca
64.8%
MediumAbraham
61.4%
MediumAnkara
59.4%
Mediumaardvark
59.3%
MediumMadagascar
56.7%
% Correct
MediumSantana
50.6%
Mediumbaklava
50.4%
Mediumcatamaran
47.5%
MediumManhattan
46.6%
MediumTrafalgar
44.1%
HardValhalla
37.8%
Hardsavanna
36.5%
HardKazakhstan
35.9%
HardNatasha
34.5%
HardGalahad
27.6%
HardD'Artagnan
27.4%
HardMcNamara
24.8%
HardCatalan
24.1%
HardKamchatka
14.2%
Hardamalgam
12.6%

You're not logged in!

Compare scores with friends on all Sporcle quizzes.
Join for Free
OR
Log In

Show Comments

Extras

Top Quizzes Today


Score Distribution

Your Account Isn't Verified!

In order to create a playlist on Sporcle, you need to verify the email address you used during registration. Go to your Sporcle Settings to finish the process.

Report this User

Report this user for behavior that violates our Community Guidelines.

Details: